NEW SIMPLIFIED PHYSICS-XII (Record no. 8561)
[ view plain ]
| 000 -LEADER | |
|---|---|
| fixed length control field | 00352nam a22001337a 4500 |
| 082 ## - DEWEY DECIMAL CLASSIFICATION NUMBER | |
| Classification number | 530 |
| Item number | ARO/N |
| 100 ## - MAIN ENTRY--AUTHOR NAME | |
| Personal name | ARORA,S. L |
| 245 ## - TITLE STATEMENT | |
| Title | NEW SIMPLIFIED PHYSICS-XII |
| 246 ## - VARYING FORM OF TITLE | |
| Title proper/short title | NEW SIMPLIFIED PHYSICS-XII |
| Remainder of title | NEW SIMPLIFIED PHYSICS-XII |
| 260 ## - PUBLICATION, DISTRIBUTION, ETC. (IMPRINT) | |
| Place of publication | NEW DELHI |
| Name of publisher | DHANPAT RAI |
| Year of publication | 2013 |
| 520 ## - SUMMARY, ETC. | |
| Summary, etc | PHYSICS-NEW SIMPLIFIED |
| 650 ## - SUBJECT ADDED ENTRY--TOPICAL TERM | |
| Topical Term | PHYSICS-XII |
| 942 ## - ADDED ENTRY ELEMENTS (KOHA) | |
| Koha item type | Books |
| Withdrawn status | Lost status | Collection code | Home library | Current library | Shelving location | Date acquired | Source of acquisition | Cost, normal purchase price | Full call number | Accession Number | Koha item type |
|---|---|---|---|---|---|---|---|---|---|---|---|
| Reference | Main Library | Main Library | SHELF-9 B XII PHYSICS | 17/04/2013 | PURCHASED | 345.00 | 530 ARO/N | 07095 | Books |